Rice diseases

Guardat en:
Dades bibliogràfiques
Autor principal: S H Ou
Format: Llibre
Idioma:Undetermined
Publicat: London CAB 1984
Matèries:
Etiquetes: Afegir etiqueta
Sense etiquetes, Sigues el primer a etiquetar aquest registre!
Thư viện lưu trữ: Trung tâm Học liệu Trường Đại học Cần Thơ
LEADER 00461nam a2200181Ia 4500
001 CTU_12929
008 210402s9999 xx 000 0 und d
082 |a 633.189 
082 |b O93 
100 |a S H Ou 
245 0 |a Rice diseases 
245 0 |c S H Ou 
260 |a London 
260 |b CAB 
260 |c 1984 
650 |a rice - diseases and pests 
904 |i Nguyễn Quang Điền, 961120 
980 |a Trung tâm Học liệu Trường Đại học Cần Thơ